Definieren SIe die Systematik der Echinodermata - Statistics

General Stats
  • This quiz has been taken 9 times
  • The average score is 3 of 5
Answer Stats
Hint Answer % Correct
2 Asteroidea (Seesterne)
100%
1 Crinioidea (Seelilien und Haarsterne)
100%
5 Holothuroidea (Seegurken)
50%
3 Ophiuroidea (Schlangensterne und Medusenhäupter)
50%
4 Echinoidea (Seeigel)
0%
No matching quizzes found
Score Distribution
Percent of People with Each Score
Percentile by Number Answered
Your Score History
You have not taken this quiz